LEADER 01696nam a2200313 a 4500 001 000000129435 003 CaOOAMICUS 005 20120627100321.0 008 120627s2011 it o u000 u ita r 040 $aPUL$bita 082 04$a282.082 245 02$aL'uomo, il papa Karol Wojtyla :$buna biografia per immagini /$ca cura di Luca Criscenti ; introduzione di Bruno Forte. 246 33$aKarol Wojtyla l'uomo, il papa: una biografia per immagini 260 $aMilano :$bIl Sole 24 ore ;$aFirenze :$bAlinari 24 ore,$c©2011$aCittą del Vaticano :$bL'Osservatore Romano,$c©2011. 300 $a141 p. :$bfoto. ;$c25 cm 500 $aIn testa al front.: Dalle collezioni del Servizio Fotografico de L'Osservatore Romano. 600 04$aIohannes Paulus PP.$bII,$cs.,$d1920-2005$xBiografia.$0(OLS)http://pul/subject/34866 700 1 $aCriscenti, Luca.$0(OLS)http://pul/name/77548 700 1 $aForte, Bruno,$carciv. di Chieti-Vasto,$d1949-$0(OLS)http://pul/name/11848 850 $aPUL 852 $aPUL$W1$xDP2 Religione 3$y114$m262. 082 GIOPA2 13$j149918$qDDC 21$B148445$CPULBib$Z2$F148445 $H117397 $82 941 1 $a9 996 $6082$a282.082$9(OLS)http://pul/classification/2275 996 $6245$aL'uomo, il papa Karol Wojtyla :$buna biografia per immagini$9(OLS)http://pul/title/163578 996 $6246$aKarol Wojtyla l'uomo, il papa: una biografia per immagini$9(OLS)http://pul/title/163579 996 $6260$aMilano :$bIl Sole 24 ore$9(OLS)http://pul/publisher/69212 996 $6260$aFirenze :$bAlinari 24 ore$9(OLS)http://pul/publisher/82029 996 $6260$aCittą del Vaticano :$bL'Osservatore Romano$9(OLS)http://pul/publisher/64756 LEADER 01116nam a2200241 u 4500 001 000000084926 003 CaOOAMICUS 005 20070226124130.0 008 050722s19099999gw u000 u lat u 035 $a11054654 040 $aPUL(R)$bita 100 1 $aMicheletti, Antonio Maria,$csac.$0(OLS)http://pul/name/18286 245 10$aCommentarium in decretum et normas pro reformatione seminariorum /$cA.M. Micheletti. 260 $aFriburgi Brisgoviae :$bHerder ;$aRomae :$bPustet,$c<1909 >. 300 $av. <2 > ;$c24 cm 505 1 $aVol. 2. De ratione studiorum in sacris seminariis : manuale theoretico-practicum. 650 4$aSeminari.$0(OLS)http://pul/subject/26281 850 $aPUL 852 $aPUL$W1$xDP1 Fondo Cecchetti$y53$m275 F 22$j107949$nBK-PRI$b $qFondi$B107949$CPULBib$Z2$F107949 $HPUL7241 $81 941 1 $a1 996 $6245$aCommentarium in decretum et normas pro reformatione seminariorum$9(OLS)http://pul/title/110333 996 $6260$aFriburgi Brisgoviae :$bHerder$9(OLS)http://pul/publisher/50008 996 $6260$aRomae :$bPustet$9(OLS)http://pul/publisher/48743